| 000 | 00544nam a22001817a 4500 | ||
|---|---|---|---|
| 005 | 20170821122408.0 | ||
| 010 | _aENG-119733 | ||
| 020 |
_a9788179664247 _c65.00 |
||
| 035 | _aEN-103265 | ||
| 037 | _bDBAD/PUB | ||
| 082 | _a793.73 | ||
| 100 | _aRajaraman, R. | ||
| 245 |
_a500 puzzles to improve your thinking / _cby R. Rajaraman |
||
| 260 |
_aChennai _bEmerald Publishers _c2016 |
||
| 270 |
_a15 A, First Floor, Casa Major Road, Egmore, _bChennai _e600008 |
||
| 300 |
_a73p. _c22cm(pbk) |
||
| 942 |
_2ddc _cEN _h793.73 _mRAJ |
||
| 999 |
_c143597 _d143597 |
||